Laws of departmental inquiries : (Record no. 613387)
[ view plain ]
| 000 -LEADER | |
|---|---|
| fixed length control field | 00405nam a22001337a 4500 |
| 082 ## - DEWEY DECIMAL CLASSIFICATION NUMBER | |
| Classification number | 342.088 |
| Author Mark | NAG |
| 100 ## - MAIN ENTRY--PERSONAL NAME | |
| Personal name | Nagi, Mazhar Ilyas |
| 245 ## - TITLE STATEMENT | |
| Title | Laws of departmental inquiries : |
| Remainder of title | against government, Civil servant / |
| Statement of responsibility, etc. | Mazhar Ilyas Nagi |
| 260 ## - PUBLICATION, DISTRIBUTION, ETC. | |
| Place of publication, distribution, etc. | Lahore : |
| Name of publisher, distributor, etc. | Imran Law Book House, |
| Date of publication, distribution, etc. | 2020. |
| 300 ## - PHYSICAL DESCRIPTION | |
| Extent | 797 p. |
| 563 ## - BINDING INFORMATION | |
| Binding note | HB. |
| 650 ## - SUBJECT ADDED ENTRY--TOPICAL TERM | |
| Topical term or geographic name entry element | Law, Civil Servant Laws |
| 942 ## - ADDED ENTRY ELEMENTS (KOHA) | |
| Source of classification or shelving scheme | |
| Koha item type | Book |
| 650 ## - SUBJECT ADDED ENTRY--TOPICAL TERM | |
| -- | 128415 |
| Withdrawn status | Lost status | Source of classification or shelving scheme | Damaged status | Not for loan | Permanent Location | Current Location | Date acquired | Total Checkouts | Full call number | Barcode | Date last seen | Price effective from | Koha item type |
|---|---|---|---|---|---|---|---|---|---|---|---|---|---|
| NUST Law School (NLS) | NUST Law School (NLS) | 03/18/2025 | 342.088 NAG | NLS-1468 | 03/18/2025 | 03/18/2025 | Book | ||||||
| NUST Law School (NLS) | NUST Law School (NLS) | 06/28/2025 | 342.088 NAG | NLS-2782 | 06/28/2025 | 06/28/2025 | Book | ||||||
| NUST Law School (NLS) | NUST Law School (NLS) | 06/28/2025 | 342.088 NAG | NLS-2783 | 06/28/2025 | 06/28/2025 | Book | ||||||
| NUST Law School (NLS) | NUST Law School (NLS) | 06/28/2025 | 342.088 NAG | NLS-2784 | 06/28/2025 | 06/28/2025 | Book |
